O Cd̤igo Civil e o Estatuto da Pessoa com Deficin̊cia

Detalles Bibliográficos
Autor principal: Barboza, Heloisa Helena
Otros Autores: Lima de Mendonȧ, Bruna, de Azevedo Almeida Junior, Vitor
Formato: eBook
Lenguaje:portugués
Publicado: Rio de Janeiro: Editora Processo, 2017
Materias:
Acceso en línea:Acceso restringido

MARC

LEADER 00000nam a22000007a 4500
005 20220817002418.0
007 cr|||| ||||
008 220817s2017 br |||||s|||| 00||0 por d
020 |a 978-85-93741-14-2 
035 |a 36830 
040 |a vLex 
090 |c 13708  |d 13708 
100 1 |a Barboza, Heloisa Helena 
245 1 1 |a O Cd̤igo Civil e o Estatuto da Pessoa com Deficin̊cia  |h [Recurso electrn̤ico] /  |c Heloisa Helena Barboza, Bruna Lima de Mendonȧ, Vitor de Azevedo Almeida Junior 
256 |a Servicio en ln̕ea 
260 |a Rio de Janeiro:  |b Editora Processo,  |c 2017 
300 |a 1 recurso electrn̤ico 
500 |a O Estatuto da Pessoa com Deficin̊cia (Lei n. 13.146/2015) apresenta ml︢tiplas queste̳s, de natureza existencial e patrimonial, que decorrem das modificaė̳s promovidas pela nova lei no Cd̤igo Civil. A presente obra apresenta o resultado de pesquisas que tem por objeto identificar alguns dos principais problemas decorrentes do regime de (in)capacidades instaurado pelo Estatuto e buscar o encaminhamento de soluė̳s para os mesmos. Nesse sentido alguns institutos do Cd̤igo Civil foram revisitados, com dupla preocupaȯ̂. De um lado a dar efetividade ao EPD, enfrentando as dificuldades que decorrem da restriȯ̂ da categoria dos absolutamente incapazes aos menores de dezesseis anos, promovida por lei extravagante, que nem sempre se mostra harmn̥ica com a codificaȯ̂ civil. Por outro lado, a de buscar proteȯ̂ jurd̕ica para as pessoas com deficin̊cia em sua vulnerabilidade, visto que em alguns casos o legislador nô atentou para suas peculiaridades, que exigem instrumentos prp̤rios de tutela. 
506 1 |a Disponible solo en los productos indicados  |d vLex Global  |d vLex Global (Academic Edition, excluding Law Schools)  |d vLex Global (U.S. Academic Edition, Law Schools)  |d vLex Global (U.S. Academic Edition, excluding Law Schools)  |d vLex Global (Academic Edition, Law Schools) 
650 0 4 |a Derecho Civil  |z Brasil 
650 0 4 |a Persona  |z Brasil 
700 1 |a Lima de Mendonȧ, Bruna 
700 1 |a de Azevedo Almeida Junior, Vitor 
740 0 |a vLex Libros (Servicio en ln̕ea) 
856 4 0 |u https://app.vlex.com/#/sources/36830  |z Acceso restringido 
942 |c BOOK 
999 0 |a Civil Law 
999 0 |a Person